000 00383nam a2200169Ia 4500
003 0STCL
008 150530s9999 xx 000 0 und d
040 _aSTCL
_cSTCL
100 _aSchiffman,S.; Ed
245 _aGold Calling Techniques That Really Work
250 _aFifth
260 _c1999
546 _aEnglish
942 _2ddc
_cBK
999 _c2677
_d2677
005 20220125165318.0